000 00608nam a2200181Ia 4500
003 GCL
008 140319s9999 xx 000 0 ara d
040 _aGCL /
_cGCL
082 0 4 _a001.6425
_bز ا
100 1 _aزين عبدالهادى
245 1 0 _aالانترنيت :
_bالعالم على شاشة الكمبيوتر /
_cزين عبدالهادى
260 _aالقاهرة :
_bالمكتبة الاكاديمية ،
_c1996
300 _a182 ص:
_bايض ؛
_c24 سم
490 _a
650 0 4 _aشبكات المكتبات والمعلومات
650 0 4 _aالإنترنت
942 _2ddc
_cBK
999 _c48198
_d48198